[Event "AUTO-INT-2804"]
[Site "http://www.queenalice.com/game.php?id=1255227"]
[Date "2014.2.10"]
[Round "1"]
[White "SALES"]
[Black "marcosuc"]
[Result "1-0"]
[WhiteElo "1373"]
[BlackElo "1473"]

1. d4 d5 2. c4 dxc4 3. e4 Nf6 4. Nc3 Bg4 5. Nf3 Bxf3 6. Qxf3 Qxd4 7. Be3 Qd6 8.
e5 Qxe5 9. Bxc4 e6 10. O-O Bd6 11. Bf4 Qa5 12. Bxd6 Qb4 13. Bxb4 Nc6 14. Nb5
Nxb4 15. Nxc7+ Ke7 16. Nxa8 Rxa8 17. Qxb7+ Kd6 18. Qxa8 Kc5 19. Qxa7+ Kxc4 20.
Rac1+ Kd5 21. Qc5+ Ke4 22. Rc4+ Kd3 23. Qd4+ Ke2 24. Qe3# 1-0

[Event "Challenge"]
[Site "http://www.queenalice.com/game.php?id=1259457"]
[Date "2014.2.24"]
[Round "-"]
[White "Edmorf"]
[Black "SALES"]
[Result "0-1"]
[WhiteElo "1623"]
[BlackElo "1363"]

1. e4 c5 2. Nf3 d6 3. d4 cxd4 4. Nxd4 Nf6 5. Bb5+ Bd7 6. Bc4 Nxe4 7. O-O e6 8.
Qe2 d5 9. Bb5 Bc5 10. Nd2 Bxd4 11. Nxe4 dxe4 12. Bc4 Bc6 13. c3 Be5 14. Bb5 Qd5
15. Bc4 Qd6 16. Be3 Nd7 17. g3 O-O 18. Rad1 Qc7 19. Bd4 a6 20. Be3 Rad8 21. Qg4
Nf6 22. Bh6 Nxg4 23. Bd2 Qb6 24. Be2 Nxf2 25. Rxf2 e3 26. Bxe3 Qxe3 27. Re1 Qd2
28. Rd1 Qxb2 29. Bg4 Qxc3 30. Rb1 Bd4 31. Rd1 Bxf2+ 32. Kxf2 Qc4 33. Rxd8 Rxd8
34. Bf3 Qxa2+ 35. Ke3 Bxf3 36. Kxf3 Rd3+ 37. Kg4 Qxh2 38. Kf4 Qxg3+ 39. Ke4 f5#
0-1

[Event "Challenge"]
[Site "http://www.queenalice.com/game.php?id=1259477"]
[Date "2014.2.24"]
[Round "-"]
[White "SALES"]
[Black "Edmorf"]
[Result "1-0"]
[WhiteElo "1389"]
[BlackElo "1597"]

1. d4 d5 2. c4 e6 3. Nc3 Nf6 4. Bg5 Bb4 5. cxd5 exd5 6. Qc2 O-O 7. e3 b6 8. Nf3
c6 9. a3 Be7 10. Bd3 g6 11. O-O Bg4 12. Nd2 Kg7 13. h3 Be6 14. Nf3 Qd7 15. Ne5
Qd6 16. Bf4 Nbd7 17. Nxg6 Ne5 18. Bxe5 Qd7 19. Nxf8 Kxf8 20. Bxh7 Ke8 21. Rad1
Nxh7 22. Qxh7 Qb7 23. Qg7 a5 24. Bf6 Kd7 25. Bxe7 Kxe7 26. b4 axb4 27. axb4 Rd8
28. b5 Qc8 29. bxc6 Qxc6 30. Rc1 Qc4 31. Qg5+ Ke8 32. Ne4 Qb4 33. Nf6+ Kf8 34.
Rfd1 Qa4 35. Rb1 b5 36. e4 dxe4 37. d5 Bc8 38. d6 Rxd6 39. Nh7+ Ke8 40. Qe5+ Kd8
41. Qxd6+ Bd7 42. Qxd7# 1-0

[Event "Challenge"]
[Site "http://www.queenalice.com/game.php?id=1266613"]
[Date "2014.3.20"]
[Round "-"]
[White "marllonz"]
[Black "SALES"]
[Result "1-0"]
[WhiteElo "1130"]
[BlackElo "1389"]

1. d4 d5 2. e3 Nf6 3. g3 Nc6 4. Bg2 Bg4 5. Qd3 e6 6. h3 Bh5 7. Qb3 b6 8. c4 Bb4+
9. Bd2 Bxd2+ 10. Nxd2 O-O 11. Rc1 e5 12. cxd5 Na5 13. Qb5 a6 14. Qb4 Nxd5 15.
Qa4 Qd6 16. dxe5 Qxe5 17. Qh4 f6 18. Be4 Bg6 19. b3 Bxe4 20. Nxe4 1-0

[Event "Challenge"]
[Site "http://www.queenalice.com/game.php?id=1283129"]
[Date "2014.5.21"]
[Round "-"]
[White "SALES"]
[Black "dejami"]
[Result "0-1"]
[WhiteElo "1419"]
[BlackElo "1704"]

1. d4 d5 2. c4 dxc4 3. e4 b5 4. a4 c6 5. axb5 cxb5 6. Nc3 a6 7. Nxb5 Bb7 8. Nc3
Qc7 9. Qa4+ Nd7 10. Bxc4 e6 11. Nge2 Bd6 0-1

[Event "Challenge"]
[Site "http://www.queenalice.com/game.php?id=1283130"]
[Date "2014.5.21"]
[Round "-"]
[White "dejami"]
[Black "SALES"]
[Result "1-0"]
[WhiteElo "1699"]
[BlackElo "1424"]

1. e4 c5 2. Bc4 e5 3. Qf3 Qf6 4. Qb3 Nh6 5. d3 a6 6. Nf3 d6 7. Bg5 Qg6 8. Bxh6
Qxh6 9. Bxf7+ Kd8 10. h4 Qf6 11. Bd5 1-0

[Event "Porque o último foi malandragem"]
[Site "http://www.queenalice.com/game.php?id=1283617"]
[Date "2014.5.23"]
[Round "-"]
[White "marllonz"]
[Black "SALES"]
[Result "1-0"]
[WhiteElo "1195"]
[BlackElo "1395"]

1. c4 c6 2. d3 d5 3. Na3 e5 4. g3 Bg4 5. Nf3 Nd7 6. Be3 Ngf6 7. Rb1 e4 8. Ng1
Bb4+ 9. Bd2 Qa5 10. h3 Bh5 11. Rc1 exd3 12. g4 Ne4 13. Nb1 Bg6 14. exd3 Bxd2+
15. Nxd2 1-0

[Event "Challenge"]
[Site "http://www.queenalice.com/game.php?id=1355805"]
[Date "2015.4.26"]
[Round "-"]
[White "SALES"]
[Black "krystian"]
[Result "0-1"]
[WhiteElo "1362"]
[BlackElo "1374"]

1. d4 Nf6 2. c4 d5 3. cxd5 Qxd5 4. Nc3 Qd8 5. e4 e6 6. e5 Nd5 7. Nxd5 Qxd5 8.
Nf3 Bb4+ 9. Bd2 Nc6 10. Bxb4 Nxb4 11. a3 Nc6 12. Rc1 a6 13. Bc4 Qa5+ 14. b4 Qxa3
15. b5 axb5 0-1

[Event "Challenge"]
[Site "http://www.queenalice.com/game.php?id=1355828"]
[Date "2015.4.26"]
[Round "-"]
[White "SALES"]
[Black "txukahamae"]
[Result "0-1"]
[WhiteElo "1354"]
[BlackElo "1518"]

1. d4 d5 2. c4 Nf6 3. cxd5 Nxd5 4. e4 Nb6 5. Nc3 e6 6. Nf3 Nc6 7. Bb5 Bd7 8. O-O
Be7 9. e5 a6 10. Bd3 O-O 11. a3 Na7 12. Qc2 g6 13. Bh6 Re8 14. Ne4 Nd5 15. Neg5
Bf8 16. Bxf8 Rxf8 17. Rfd1 Nc6 0-1

[Event "Challenge"]
[Site "http://www.queenalice.com/game.php?id=1355829"]
[Date "2015.4.26"]
[Round "-"]
[White "SALES"]
[Black "fjalves"]
[Result "0-1"]
[WhiteElo "1362"]
[BlackElo "1572"]

1. d4 c5 2. e4 Nc6 3. d5 Nd4 4. c3 Nf6 5. cxd4 cxd4 6. Qxd4 d6 7. Nc3 e6 8. Nf3
e5 9. Qd1 Qa5 10. Bd2 Qb6 11. Na4 Qc7 12. Rc1 Qe7 0-1

[Event "Challenge"]
[Site "http://www.queenalice.com/game.php?id=1356327"]
[Date "2015.4.28"]
[Round "-"]
[White "glaubergouveia"]
[Black "SALES"]
[Result "1-0"]
[WhiteElo "1550"]
[BlackElo "1371"]

1. e4 c5 2. Bc4 d6 3. Qf3 e6 4. e5 Nc6 5. exd6 Nd4 6. Qd3 Bxd6 7. c3 Nf5 8. g4
Nfe7 9. Na3 Nf6 10. h3 a6 11. g5 Nh5 12. b4 b5 13. Nxb5 1-0

[Event "Let's Play Chess!"]
[Site "http://www.queenalice.com/game.php?id=1604359"]
[Date "2020.3.26"]
[Round "-"]
[White "SALES"]
[Black "Olavio"]
[Result "0-1"]
[WhiteElo "1276"]
[BlackElo "1773"]

1. e4 e5 2. Nf3 Nc6 3. Bb5 Qe7 4. Nc3 a6 5. Nd5 axb5 6. Nxc7+ Kd8 7. Nxa8 Qc5 8.
Ng5 Nh6 9. d3 Qa7 10. Qf3 f6 11. Nc7 Kxc7 12. Nh3 Nd4 13. Qd1 Bc5 14. Bxh6 gxh6
15. c3 Nc6 16. b4 Bb6 17. a4 Qa6 18. a5 Ba7 19. Qh5 b6 20. Qxh6 bxa5 21. Qxf6
Rg8 22. g3 a4 23. Qf7 Rd8 24. Qxh7 Kb8 0-1

[Event "AUTO-INT-3514"]
[Site "http://www.queenalice.com/game.php?id=1604391"]
[Date "2020.3.26"]
[Round "1"]
[White "ggteste1"]
[Black "SALES"]
[Result "1-0"]
[WhiteElo "1648"]
[BlackElo "1341"]

1. e4 e6 2. d4 d5 3. Nc3 Bb4 4. Bd2 dxe4 5. Nxe4 Qxd4 6. Bd3 Qxb2 7. Nf3 Nc6 8.
O-O f5 9. Ng3 Nf6 10. Re1 Bxd2 11. Qxd2 Qa3 12. Nxf5 O-O 13. Bc4 Bd7 14. Qg5 g6
15. Qh6 Rf7 16. Rxe6 Qf8 17. Rxf6 Qxh6 18. Nxh6+ Kg7 19. Rxf7+ Kxh6 20. Rxd7 Rc8
21. h4 Nb4 22. Rb1 a5 23. c3 Nxa2 24. Bxa2 b6 25. Rb5 1-0

[Event "AUTO-INT-3514"]
[Site "http://www.queenalice.com/game.php?id=1604392"]
[Date "2020.3.26"]
[Round "1"]
[White "SALES"]
[Black "ggteste1"]
[Result "0-1"]
[WhiteElo "1337"]
[BlackElo "1652"]

1. e4 e5 2. Nf3 Nc6 3. Bb5 Nf6 4. O-O a6 5. Ba4 b5 6. Bb3 Bc5 7. Re1 h6 8. Nc3
O-O 9. d3 d6 10. Be3 Bg4 11. Bxc5 dxc5 12. a4 b4 13. Nd5 Nxd5 14. exd5 Nd4 15.
Qc1 Nxf3+ 16. Kf1 Nxe1 17. Qxe1 Re8 18. h3 Bf5 19. g4 Bg6 20. Rd1 Qh4 21. Kg2 f5
22. f3 f4 23. Qxh4 Rf8 24. d6+ Bf7 25. Qe7 cxd6 0-1

[Event "AUTO-INT-3514"]
[Site "http://www.queenalice.com/game.php?id=1604403"]
[Date "2020.3.26"]
[Round "1"]
[White "Bigchess"]
[Black "SALES"]
[Result "1-0"]
[WhiteElo "1751"]
[BlackElo "1332"]

1. e4 e6 2. d4 d5 3. e5 c5 4. Nf3 cxd4 5. Nxd4 Nc6 6. Nxc6 bxc6 7. Bd3 Bc5 8.
Nc3 Ne7 9. O-O O-O 10. Kh1 f6 11. exf6 gxf6 12. Ne2 e5 13. Ng3 e4 14. Be2 Qb6
15. Bh6 Rd8 16. Nxe4 dxe4 17. Bc4+ Nd5 18. b3 Kf7 19. Qh5+ Ke7 20. Bg7 f5 21.
Qxh7 Kd6 22. Rad1 Bxf2 23. Qh6+ Kc7 24. a4 1-0

[Event "AUTO-INT-3514"]
[Site "http://www.queenalice.com/game.php?id=1604404"]
[Date "2020.3.26"]
[Round "1"]
[White "SALES"]
[Black "Bigchess"]
[Result "0-1"]
[WhiteElo "1334"]
[BlackElo "1749"]

1. e4 e5 2. Nf3 d6 3. d4 exd4 4. Nxd4 Nf6 5. Nc3 Be7 6. Bf4 Nbd7 7. Qd2 Nf8 8.
O-O-O Ng6 9. g3 Be6 10. h4 Nxf4 11. Qxf4 Qc8 12. Be2 Bd7 13. e5 dxe5 14. Qxe5
O-O 15. h5 Bd6 16. Qe3 Re8 17. Qd3 a6 18. h6 g6 19. Rde1 Be5 20. Bf3 c5 21. Nde2
Rb8 22. Bg2 b5 23. f4 Bf5 24. Qf3 b4 0-1